1288 1121 1418 1010 1564 1524 1801 1755 1103 1132 1718 1480 1337 1986 1318 1905 1479 1225 1187 1275 1328 1960 1207 1271 1391 1782 1983 1781 1266 1485 1735 1190 1415 1112 1652 1354 1187 1110 1027 1706 1784 1527 1749 1087 1075 1600 1961 1024 1206 1979 1524 1839 1646 1105 1330 1091 1298 1881 1928 1061 1539 1813 1451 1876 1975 1515 1186 1209 1303 1505 1125 1747 1216 1470 1594 1146 1192 1634 1797 1300 1363 1269 1170 1382 1794 1107 1484 1343 1481 1844 1344 1209 1950 1180 1352 1517 1297 1265 1265 BCNSPRNW ULIB Ver.6.0+V

เปลี่ยนเป็นภาษาไทย

Change to English
 แสดงรายละเอียดบรรณานุกรม
  กลับหน้าหลัก

Brief Record : Get Marc (ISO 2709) : E-mail record : QR code < ปิดหน้าต่าง
LEADER : 00000nam 2200000uu 4500
001    13399120376
003     ULIB
008    120919s2551||||th 000 0 tha d
020    ^a9789741391967
060  4 ^aWG340^bส533 2551
245 00 ^aสังเคราะห์ความรู้ความดันโลหิตสูง :^bฉบับรู้ทันผู้ป่วย /^cบรรณาธิการ นิวัต อุณฑพันธุ์ ... [และคนอื่น ๆ]
246 14 ^aสังเคราะห์องค์ความรู้ความดันโลหิตสูง ฉบับ--รู้ทันผู้ป่วย
250    ^aพิมพ์ครั้งที่ 1.
260    ^aนครราชสีมา :^bชมรมพยาบาลชุมชนแห่งประเทศไทย,^c2551.
300    ^a64 หน้า :^bภาพประกอบ
500    ^a"รวมข้อค้นพบจากงานวิจัยเรื่องจริงจากความรู้สึกของผู้ป่วยที่มีต่อระบบบริการสุขภาพ"
650  7 ^aความดันเลือดสูง^xการรักษาด้วยยา
650  7 ^aความดันเลือดสูง^xผู้ป่วย^xโภชนาการ
650  7 ^aความดันเลือดสูง
700 0  ^aนิวัต อุณฑพันธุ์,^eบรรณาธิการ
710 2  ^aสำนักงานกองทุนสนับสนุนการสร้างเสริมสุขภาพ
945    ^p100^l0^i023859
945    ^p100^l0^i023860
999    ^aเกษร
รายการนี้ยังไม่มีแท็ก
คุณยังไม่ได้ล็อกอิน คุณสามารถมีกิจกรรมร่วมกับเว็บไซต์ได้ แต่ต้องล็อกอินก่อน ::
  ล็อกอิน

รายการสื่อสารสนเทศ

ลำดับที่ ประเภท เลขเรียก/บาร์โค้ด สถานที่ สถานะ
1. วิทยาศาสตร์การแพทย์ และสุขภาพ
หนังสือสำรอง
สถานะ=หนังสือสำรอง
WG340 ส533 2551 ฉ.1 
  Barcode: 023859
ห้องสมุดวิทยาเขตสวรรค์ประชารักษ์
►หนังสือทั่วไป
บนชั้น
2. วิทยาศาสตร์การแพทย์ และสุขภาพ
วิทยาศาสตร์การแพทย์ และสุขภาพ
WG340 ส533 2551 ฉ.2 
  Barcode: 023860
ห้องสมุดวิทยาเขตสวรรค์ประชารักษ์
►หนังสือทั่วไป
บนชั้น

รายการใกล้เคียง
    หัวเรื่อง [ความดันเลือดสูง]

BibComment


ยังไม่เคยถูกคอมเมนท์

คอมเมนท์ทรัพยากรรายการนี้
  คอมเมนท์: สังเคราะห์ความรู..


 Copyright 2026. Bcnsprnw @Library